Pedro Garat: el Orfeo de Francia
Saved in:
| Hovedforfatter: | |
|---|---|
| Format: | Bog |
| Sprog: | spansk |
| Udgivet: |
Buenos Aires
Vasca Ekin
1948
|
| Fag: | |
| Tags: |
Tilføj Tag
Ingen Tags, Vær først til at tagge denne postø!
|
MARC
| LEADER | 00000nam a2200000 a 4500 | ||
|---|---|---|---|
| 001 | UCN1292 | ||
| 003 | CL-VaPUC | ||
| 008 | 010420e19480000AG |||||||||||||||||spa|d | ||
| 082 | 0 | 4 | |a 780.92 |b FAG |2 21 |
| 100 | 0 | |a Fagoaga, Isidoro de |e author |9 456829 | |
| 245 | 1 | 0 | |a Pedro Garat: el Orfeo de Francia |
| 300 | |a 274 p | ||
| 942 | |c BK | ||
| 945 | |d 20010420 00:00:00 |a crobeson | ||
| 260 | |a Buenos Aires |b Vasca Ekin |c 1948 | ||
| 600 | 0 | 7 | |a GARAT, PEDRO |2 CL-VaPUC |9 456830 |
| 650 | 7 | |a CANTANTES FRANCESES |2 CL-VaPUC |9 456831 | |
| 650 | 0 | |a Músicos franceses |9 441944 | |
| 583 | |a last modification |c 20010420 00:00:00 |k Rodrigo Vera | ||
| 999 | |c 294867 |d 294865 | ||